000
00316nam a2200133Ia 4500
008
190216s9999||||xx |||||||||||||| ||und||
100
_a
Frank Chorlton
245
0
_a
Text Book Of Dynamics
250
_a
4st Ed.
260
_b
English Language Book Society
_c
1969
300
_a
263
650
_a
Physics
942
_c
BK
999
_c
32810
_d
32810